| 000 | 00822cab a2200253 4500 | ||
|---|---|---|---|
| 001 | WB3123-43 | ||
| 008 | 090401t1995 xxu||||| |||| 00| 0 eng d | ||
| 035 | _a(Sirsi) u3199 | ||
| 041 | _aeng | ||
| 245 | _aLaw of Property (Miscellaneous Provions) Act 1994 | ||
| 260 | _c1995 | ||
| 350 | _a0 | ||
| 490 |
_aLord Chancellor`s Department Press Release _v(142.95) 14 June 1995 (2) |
||
| 520 | _aThe Act will come into force 1 July 1995. | ||
| 650 | _aCONVEYANCING | ||
| 650 | _aPROPERTY-PROPERTY ACQUISITION AND DISPOSAL | ||
| 650 | _aIMPLIED COVENANTS FOR TITLE | ||
| 650 | _aLAND REGISTRATION (IMPLIED COVENANTS FOR TITLE) RULES 1995 | ||
| 650 | _aHM LAND REGISTRY | ||
| 650 | _aLAW OF PROPERTY (MISCELLANEOUS PROVISIONS) ACT 1994 | ||
| 690 | _aPROPERTY LAW AND PRACTICE | ||
| 942 | _n0 | ||
| 948 | _c04/03/1997 | ||
| 999 |
_c1953 _d1953 |
||